UBT Library

Consumption and standards of living / (Record no. 39760)

000 -LEADER
fixed length control field 00582pam a2200217 i 4500
001 - CONTROL NUMBER
control field 4108801
005 - DATE AND TIME OF LATEST TRANSACTION
control field 20180104083153.0
008 - FIXED-LENGTH DATA ELEMENTS--GENERAL INFORMATION
fixed length control field 760209r1976 nyu b 001 0 eng
010 ## - LIBRARY OF CONGRESS CONTROL NUMBER
LC control number 75039283
020 ## - INTERNATIONAL STANDARD BOOK NUMBER
International Standard Book Number 0405080581
040 ## - CATALOGING SOURCE
Original cataloging agency DLC
Transcribing agency DLC
Modifying agency DLC
041 ## - LANGUAGE CODE
Language code of text/sound track or separate title eng
080 ## - UNIVERSAL DECIMAL CLASSIFICATION NUMBER
Universal Decimal Classification number 339.47 CLA
082 00 - DEWEY DECIMAL CLASSIFICATION NUMBER
Classification number 339.47 CLA
100 1# - Rafti
Rafti 51
101 ## - Shkurtesa
Shkurtesa SOC
245 10 - TITLE STATEMENT
Title Consumption and standards of living /
Statement of responsibility, etc by Carle C. Zimmerman.
504 ## - BIBLIOGRAPHY, ETC. NOTE
Bibliography, etc Includes bibliographical references and indexes.
906 ## - LOCAL DATA ELEMENT F, LDF (RLIN)
a 7
b cbc
c orignew
d 1
e ocip
f 19
g y-gencatlg
942 ## - ADDED ENTRY ELEMENTS (KOHA)
Source of classification or shelving scheme
Item type Books
Holdings
Withdrawn status Lost status Source of classification or shelving scheme Damaged status Not for loan Permanent location Current location Date acquired Total Checkouts Full call number Barcode Date last seen Price effective from Koha item type
          UBT - Lipjan UBT - Lipjan 01/04/2018   339.47 CLA 002-2994754 01/04/2018 01/04/2018 Books
UBT Library © 2015-2024. All rights reserved University Education for Business and Technology